00538 2200193 4500245008300000020002200083250001100105100001900116700002300135700001800158700001800176650002300194005001900217260004200236041001400278084001000292300003300302336000900335 aMarketing 4.0 b : Bergerak dari Tradisional ke DigitalcKotler, PhiliphText a978-602-06-2117-3 aCet. 3 aKotler, Philip aHermawan Kartajaya aIwan Setiawan aFairano Ilyas aEkonomi dan Bisnis a20230214131335 aJakartabGramedia Pustaka Utamac2019 aIndonesia a658.8 axx, 171 hlm. :cilus. 23 cm. atext